La perla / (Record no. 29372)

MARC details
000 -LEADER
fixed length control field 01284cam a2200373Ia 4500
001 - CONTROL NUMBER
control field 30560445
003 - CONTROL NUMBER IDENTIFIER
control field OCoLC
005 - DATE AND TIME OF LATEST TRANSACTION
control field 20240311200149.0
008 - FIXED-LENGTH DATA ELEMENTS--GENERAL INFORMATION
fixed length control field 940606s1992 sp 000 1 spa d
020 ## - INTERNATIONAL STANDARD BOOK NUMBER
International Standard Book Number 8421741012
020 ## - INTERNATIONAL STANDARD BOOK NUMBER
International Standard Book Number 9788421741016
040 ## - CATALOGING SOURCE
Original cataloging agency JRI
Language of cataloging eng
Transcribing agency JRI
Modifying agency EXW
-- OCLCQ
-- OCLCG
-- STF
-- VYG
-- OCLCQ
-- WRIMS
-- OCLCQ
-- OCLCA
041 1# - LANGUAGE CODE
Language code of text/sound track or separate title spa
Language code of original eng
050 #4 - LIBRARY OF CONGRESS CALL NUMBER
Classification number PS3537.T3234
Item number P4718 1992
090 ## - LOCALLY ASSIGNED LC-TYPE CALL NUMBER (OCLC); LOCAL CALL NUMBER (OCLC)
Classification number (OCLC) (R) ; Classification number, CALL (RLIN) (NR) SPAN FIC STE
100 1# - MAIN ENTRY--PERSONAL NAME
Personal name Steinbeck, John,
Dates associated with a name 1902-1968.
240 10 - UNIFORM TITLE
Uniform title <a href="Pearl.">Pearl.</a>
Language of a work Spanish.
245 13 - TITLE STATEMENT
Title La perla /
Statement of responsibility, etc. John Steinbeck ; [traduccion de Francisco Baldiz].
250 ## - EDITION STATEMENT
Edition statement 18. edicion.
260 ## - PUBLICATION, DISTRIBUTION, ETC. (IMPRINT)
Place of publication, distribution, etc. Barcelona :
Name of publisher, distributor, etc. L. de Caralt,
Date of publication, distribution, etc. 1992
264 #1 - PRODUCTION, PUBLICATION, DISTRIBUTION, MANUFACTURE, AND COPYRIGHT NOTICE
Place of production, publication, distribution, manufacture Barcelona :
Name of producer, publisher, distributor, manufacturer L. de Caralt,
Date of production, publication, distribution, manufacture, or copyright notice 1992.
300 ## - PHYSICAL DESCRIPTION
Extent 126 pages ;
Dimensions 18 cm.
336 ## - CONTENT TYPE
Content type term text
Content type code txt
Source rdacontent.
337 ## - MEDIA TYPE
Media type term unmediated
Media type code n
Source rdamedia.
338 ## - CARRIER TYPE
Carrier type term volume
Carrier type code nc
Source rdacarrier.
490 0# - SERIES STATEMENT
Series statement Biblioteca universal Caralt. Serie novela.
500 ## - GENERAL NOTE
General note Translation of: The pearl.
520 ## - SUMMARY, ETC.
Summary, etc. Terrible events follow the discovery of a magnificent pearl by a poor Mexican fisherman.
526 0# - STUDY PROGRAM INFORMATION NOTE
Program name Accelerated Reader AR
Interest level UG
Reading level 7.1
Title point value 4
Public note 7119.
650 #7 - SUBJECT ADDED ENTRY--TOPICAL TERM
Topical term or geographic name as entry element Spanish language materials
Form subdivision Fiction.
Source of heading or term local.
655 #7 - INDEX TERM--GENRE/FORM
Genre/form data or focus term Fiction.
Source of term lcgft.
700 ## - ADDED ENTRY--PERSONAL NAME
Relator code Baldiz, Francisco
Relator term translator
942 ## - ADDED ENTRY ELEMENTS (KOHA)
Koha item type Libro/Book
Source of classification or shelving scheme Dewey Decimal Classification
Holdings
Withdrawn status Lost status Damaged status Not for loan Home library Current library Date acquired Total Checkouts Total Renewals Barcode Checked out Date last seen Date checked out Price effective from Koha item type
        San Juan Del Sur -- Mobile San Juan Del Sur -- Biblioteca 03/03/2024 1 1 33016082 08/05/2024 03/04/2024 03/04/2024 03/03/2024 Libro/Book

Powered by Koha